<?xml version="1.0" encoding="UTF-8"?>
<record
    xmlns:xsi="http://www.w3.org/2001/XMLSchema-instance"
    xsi:schemaLocation="http://www.loc.gov/MARC21/slim http://www.loc.gov/standards/marcxml/schema/MARC21slim.xsd"
    xmlns="http://www.loc.gov/MARC21/slim">

  <leader>01084nam a22002177a 4500</leader>
  <controlfield tag="003">3228</controlfield>
  <controlfield tag="005">20251111090737.0</controlfield>
  <controlfield tag="008">251111b        sa ||||| |||| 00| 0 eng d</controlfield>
  <datafield tag="020" ind1=" " ind2=" ">
    <subfield code="a">9781432300029 (paperback)</subfield>
  </datafield>
  <datafield tag="040" ind1=" " ind2=" ">
    <subfield code="a">MPL</subfield>
    <subfield code="b">English</subfield>
    <subfield code="c">3228</subfield>
    <subfield code="e">rda</subfield>
  </datafield>
  <datafield tag="041" ind1=" " ind2=" ">
    <subfield code="a">Afrikaans</subfield>
  </datafield>
  <datafield tag="082" ind1=" " ind2="0">
    <subfield code="a">439.3682421 VANS</subfield>
  </datafield>
  <datafield tag="100" ind1=" " ind2=" ">
    <subfield code="9">197668</subfield>
    <subfield code="a">Schalkwyk, Helena Van </subfield>
    <subfield code="e">Author</subfield>
  </datafield>
  <datafield tag="245" ind1=" " ind2=" ">
    <subfield code="a"> Teach yourself Afrikaans /</subfield>
    <subfield code="c">Helena Van Schalkwyk</subfield>
  </datafield>
  <datafield tag="260" ind1=" " ind2=" ">
    <subfield code="a"> Cape Town: </subfield>
    <subfield code="b">Struik Lifestyle,</subfield>
    <subfield code="c">2012</subfield>
  </datafield>
  <datafield tag="300" ind1=" " ind2=" ">
    <subfield code="a"> 284 pages ;</subfield>
    <subfield code="c"> 20 cm</subfield>
  </datafield>
  <datafield tag="520" ind1=" " ind2=" ">
    <subfield code="a">This completely revised and updated edition of teach yourself Afrikaans is for all those who seek to communicate in Afrikaans. It has been written for students with no previous experience of the language, and especially those who wish to study at home. The grammar, syntax and vocabulary of Afrikaans are introduced in carefully graded stages, and are fully illustrated with examples and exercises</subfield>
  </datafield>
  <datafield tag="650" ind1=" " ind2="0">
    <subfield code="9">197669</subfield>
    <subfield code="a"> Afrikaans language Study and teaching English speakers</subfield>
  </datafield>
  <datafield tag="700" ind1=" " ind2=" ">
    <subfield code="9">197670</subfield>
    <subfield code="a"> Van Schalkwyk, Helena</subfield>
    <subfield code="e">Author</subfield>
  </datafield>
  <datafield tag="942" ind1=" " ind2=" ">
    <subfield code="2">ddc</subfield>
    <subfield code="c">BOOK</subfield>
    <subfield code="w">5815</subfield>
    <subfield code="x">Pontsho Maoko</subfield>
    <subfield code="y">5815</subfield>
    <subfield code="z">Pontsho Maoko</subfield>
  </datafield>
  <datafield tag="999" ind1=" " ind2=" ">
    <subfield code="c">788906</subfield>
    <subfield code="d">788905</subfield>
  </datafield>
  <datafield tag="952" ind1=" " ind2=" ">
    <subfield code="0">0</subfield>
    <subfield code="1">0</subfield>
    <subfield code="2">ddc</subfield>
    <subfield code="4">0</subfield>
    <subfield code="7">0</subfield>
    <subfield code="8">400</subfield>
    <subfield code="a">KWAML</subfield>
    <subfield code="b">DELML</subfield>
    <subfield code="c">Non_Fiction</subfield>
    <subfield code="d">2025-11-11</subfield>
    <subfield code="l">0</subfield>
    <subfield code="o">439.3682421 VANS</subfield>
    <subfield code="p"> 33228031085677</subfield>
    <subfield code="r">2025-11-11</subfield>
    <subfield code="w">2025-11-11</subfield>
    <subfield code="y">BOOK</subfield>
  </datafield>
</record>
